000 00611nam a22002057a 4500
003 KOHA_MİRAKIL
005 20260331105537.0
008 260331b tu ||||| |||| 00| 0 tur d
020 _a9789752498457
040 _aTR-AnABB
_btur
_cTR-AnABB
041 _atur
082 _a370.1
_bCAY 2018
100 1 _aCayley, David
245 1 0 _aİvan İllich ile söyleşiler /
_cDavid Cayley ; Türkçesi: Berk İlke Dündar
260 _aİstanbul :
_bYeni İnsan Yayınevi,
_c2018
300 _a269 sayfa ;
_c20 cm
650 0 4 _aEğitim felsefesi
651 0 4 _aIllich, Ivan
_93239
942 _2ddc
_cBK
999 _c10110
_d10110
900 _bCan ÇELIK